Encuentro de investigación en ecología y medio ambiente (Registro nro. 7931)

Detalles MARC
000 -CABECERA
Campo de control 00864nam a22001937a 4500
005 - FECHA Y HORA DE LA ULTIMA TRANSACCION
Campo de control 20180803165519.0
008 - ELEMENTOS DE LONGITUD FIJA—INFORMACION GENERAL
Campo de control 131127b2003 ck ||||| |||| 00| 0 spa d
041 ## - IDIOMA
Código de idioma para texto/pista de sonido o título separado Español
044 ## - PAÍS DE PUBLICACIÓN
País de publicación Colombia
090 ## - CLASIFICACIÓN LOCAL
Colección LB
Consecutivo 05788
110 ## - ASIENTO PRINCIPAL--NOMBRE CORPORATIVO
Nombre corporativo o de jurisdicción como elemento de entrada Pontificia Universidad Javeriana
245 ## - MENCION DE TITULO
Título Encuentro de investigación en ecología y medio ambiente
260 ## - PUBLICACION, DISTRIBUCION, ETC. (PIE DE IMPRENTA)
Lugar de publicación, distribución, etc. Bogotá
Nombre del editor, distribuidor, etc. Pontificia Universidad Javeriana
-- Agro-Bio
-- Agriempleo
-- La Mana Vivero
-- CORPOEDUAGRO
Fecha de publicación, distribución, etc. 2003
300 ## - DESCRIPCION FISICA
Extensión 207 p.,
Otros detalles físicos il., (col), graficas, cuadros,
Dimensiones 13 cm
504 ## - NOTA DE BIBLIOGRAFIA, ETC.
Nota de bibliografía Incluye bibliografía
520 ## - NOTA DE RESUMEN, ETC.
Nota de resumen La ordenación y el manejo de los recursos naturales se hace indispensable para garantizar la perpetuidad y conservación de los mismos, en función del beneficio social y económico de las comunidades tanto rurales como urbanas de nuestro país
710 ## - ASIENTO SECUNDARIO - NOMBRE CORPORATIVO
Nombre corporativo o de jurisdicción como elemento de entrada ECOAP
942 ## - ELEMENTOS ADICIONALES (KOHA)
Sistema de clasificación Local
Tipo de ítem CD-ROM
Existencias
Withdrawn status Lost status Sistema de Clasificación Damaged status No para préstamo Colección Ubicación Permanente Ubicación actual Fecha de adquisición Total Checkouts Número topográfico Inventario / Código de Barras Date last seen Ejemplar Price effective from Forma de adquisición Tipo de material
    Local     Audiovisual Bogotá Bogotá 27/11/2013   LB-05788 058887 27/11/2013 Ej. 1 27/11/2013   CD-ROM